000
00213 a2200097 4500
001
45715
100
_a
Taylor G
245
_a
The science of life
260
_a
London
_b
Thames of Hudson
_c
090
_c
28875
_d
28875
942
_a
NUST-CAE
_c
M
_c
20974
999
_c
280788
_d
280788